Re:Zero Personnages par Images - Statistiques

Statistiques générales
  • Ce quiz a été pris 66 fois
    7 depuis la dernière actualisation
  • Le résultat moyen est 22 sur 117
Statistiques - réponses
Par images Réponse % Correct
Emilia
100%
Ram
100%
Rem
100%
Subaru Natsuki
100%
Beatrice
86%
Otto Suwen
71%
Puck
71%
Reinhard van Astrea
71%
Roswaal L. Mathers
71%
Aldebaran
57%
Crusch Karsten
57%
Felix Argyle / Ferris
57%
Felt
57%
Garfiel Tinzel
57%
Julius Juukulius
57%
Patrasche
57%
Petra Leyte
57%
Satella
57%
Anastasia Hoshin
43%
Baleine Blanche
43%
Echidna
43%
Echidna / Eridna
43%
Meili Portroute
43%
Mimi Pearlbaton
43%
Petelgeuse Romanée-Conti
43%
Priscilla Barielle
43%
Regulus Corneas
43%
Shaula
43%
Capella Emerada Lugnica
29%
Frederica Baumann
29%
Fred Thompson
29%
Pandora
29%
Serpent Noir
29%
Sirius Romanée-Conti
29%
Theresia van Astrea
29%
Cain
14%
Cecilus Segmunt
14%
Dain
14%
Elsa Granhiert
14%
Fortuna
14%
Gaston
14%
Grand Laphydre
14%
Halibel
14%
Heinkel Astrea
14%
Joseph
14%
Joshua Juukulius
14%
Liliana Masquerade
14%
Lye Batenkaitos / Ray
14%
Minerva
14%
Rafiel Thompson
14%
Reala Thompson / Reshia Tinzel
14%
Reid Astrea
14%
Rom
14%
Rui Arneb
14%
Sylphy Elmart
14%
Typhon
14%
Wilhelm van Astrea
14%
Annerose Miload
0%
Archi Elior
0%
Bordeaux Zergev
0%
Camberley
0%
Carlan Astrea
0%
Carmilla
0%
Casilles Astrea
0%
Clind
0%
Conwood Melahau
0%
Daphne
0%
Diadora Regundra
0%
Dynas Trussardi
0%
Ezzo Cadner
0%
Flam Remendis
0%
Flugel
0%
Framir Suwen
0%
Fribal van Astrea
0%
Frufoo
0%
Garek Thompson
0%
Grassis Remendis
0%
Hector
0%
Hetaro Pearlbaton
0%
Kadomon Risch
0%
Kenichi Natsuki
0%
Ketty Muttart
0%
Kiritaka Muse
0%
Kurgan
0%
Louanna Astrea
0%
Lucas
0%
Lusbel Kallard
0%
Marcos Gildark
0%
Mazeran Suwen
0%
Meina
0%
Miklotov McMahon
0%
Mild
0%
Milde Arlam
0%
Naoko Natsuki
0%
Oslo Suwen
0%
Plum Risch
0%
Quark
0%
Rachins Hoffman
0%
Raksha Risch
0%
Rasphum
0%
Ricardo Welkin
0%
Rickert Hoffman
0%
Roy Alphard
0%
Russell Fellow
0%
Ryuzu Alma / Lewes Alma
0%
Ryuzu Bilma / Lewes Bilma
0%
Ryuzu Meyer / Lewes Meyer
0%
Ryuzu Shima / Lewes Shima
0%
Schult Barielle
0%
Sekhmet
0%
Setanta
0%
Shaknar
0%
Temae
0%
Thames Astrea
0%
Tina
0%
Tivey Pearlbaton
0%
Vague Adgard
0%
Aucun quiz correspondant
Distribution des résultats
% des personnes avec chaque résultat
Percentile par nombre de réponses
Votre historique - résultats
Vous n’avez pas pris ce quiz depuis la dernière actualisation